[Event "ESP-ch U18"]
[Site "Salobrena"]
[Date "2019.07.26"]
[Round "7"]
[White "Lorente Serrano, Rosa Adela"]
[Black "Gomez Fernandez, Pedro Javier"]
[Result "0-1"]
[WhiteElo "1788"]
[BlackElo "1989"]
[PlyCount "68"]
[EventDate "2019.07.22"]
[EventType "swiss"]
[EventRounds "9"]
[EventCountry "ESP"]
[SourceTitle "CBM 191 Extra"]
[Source "ChessBase"]
[SourceDate "2019.09.30"]
[SourceVersion "1"]
[SourceVersionDate "2019.09.30"]
[SourceQuality "1"]

1. b3 e5 2. Bb2 Nc6 3. c4 d6 4. e3 Nf6 5. d3 g6 6. Nf3 Bg7 7. Nbd2 0-0 8. a3 a5 9. Qc2 Qe7 10. Be2 d5 11. cxd5 Nxd5 12. 0-0 f5 13. Rfe1 Kh8 14. Nc4 Bd7 15. Rad1 b5 16. e4 Nf4 17. Ne3 Nd4 18. Nxd4 exd4 19. Nd5 Nxd5 20. exd5 Qd6 21. Bf3 Be5 22. g3 f4 23. Bg2 f3 24. Bxf3 Rxf3 25. Qe2 Rf5 26. g4 Bxh2+ 27. Kg2 Rxd5 28. Rh1 Bc6 29. f3 Be5 30. Qf2 Qf6 31. Rc1 Rd6 32. Rc5 Rf8 33. Rh3 Qf4 34. Qh4 Bxf3+ 0-1